Statistics for Pokémon GO: Highest CP Dragon-type Pokémon

Click here to take the quiz!

General Stats

  • This quiz has been taken 46 times
    (12 since last reset)
  • The average score is 16 of 20

Answer Stats

HintAnswer% Correct
4287Dragonite
100%
4479Garchomp
100%
6132Mega Garchomp
100%
5688Mega Salamence
100%
4239Salamence
100%
4792Baxcalibur
89%
4565Dialga
89%
4624Dialga (Origin)
89%
6458Mega Rayquaza
89%
4512Palkia
89%
4683Palkia (Origin)
89%
4336Rayquaza
89%
4565Reshiram
89%
4565Zekrom
89%
4310Latios
67%
5428Mega Latias
67%
5661Mega Latios
67%
4353Mega Charizard X
44%
4585Mega Sceptile
44%
4799Mega Ampharos
33%

Score Distribution

Percentile by Number Answered

Percent of People with Each Score

Your Score History

You have not taken this quiz since the last reset